Quan hệ của Ayuthaya với các nước láng giềng (1350-1767) /
Đã lưu trong:
| Príomhúdar: | |
|---|---|
| Formáid: | Bài viết |
| Teanga: | Vietnamese |
| Ábhair: | |
| Clibeanna: |
Cuir Clib Leis
Gan Chlibeanna, Bí ar an gcéad duine leis an taifead seo a chlibeáil!
|
| Thư viện lưu trữ: | Thư viện Trường Đại học Đà Lạt |
|---|
| LEADER | 00803nam a2200277 4500 | ||
|---|---|---|---|
| 001 | DLU080000036 | ||
| 005 | ##20080904 | ||
| 040 | # | # | |a DLU |b vie |
| 041 | # | # | |a vie |
| 044 | # | # | |a vn |
| 100 | # | # | |a Lê Thanh Thủy. |
| 245 | # | # | |a Quan hệ của Ayuthaya với các nước láng giềng (1350-1767) / |c Lê Thanh Thủy. |
| 653 | # | # | |a Đông Nam Á |
| 653 | # | # | |a Lịch sử cận đại |
| 653 | # | # | |a Quan hệ ngoại giao |
| 773 | # | # | |t Nghiên cứu Đông Nam Á |g Số 2, 2005, tr. 53-58 |
| 920 | # | # | |a Phòng Tạp chí -- Trung tâm Thông tin - Thư viện Trường Đại học Đà Lạt |
| 933 | # | # | |a LS |
| 994 | # | # | |a DLU |
| 900 | # | # | |a True |
| 911 | # | # | |a Nguyễn Thị Thu Phương |
| 925 | # | # | |a G |
| 926 | # | # | |a A |
| 927 | # | # | |a BB |
| 980 | # | # | |a Thư viện Trường Đại học Đà Lạt |